000 00384nam a2200157Ia 4500
008 230917s9999||||xx |||||||||||||| ||und||
020 _cPOU10
040 _e9405
_aMAIN
041 _aEnglish
082 _a320.947 W585P
100 _aWhite, Stephen
245 0 _aPolitical culture and Soviet politics
260 _aLondon
_bMacmillan
_c1979
300 _axi, 234 p.
942 _cBK
999 _c207186
_d207186